<?xml version="1.0" encoding="UTF-8"?>
<record
    xmlns:xsi="http://www.w3.org/2001/XMLSchema-instance"
    xsi:schemaLocation="http://www.loc.gov/MARC21/slim http://www.loc.gov/standards/marcxml/schema/MARC21slim.xsd"
    xmlns="http://www.loc.gov/MARC21/slim">

  <leader>00893nam a22002177a 4500</leader>
  <datafield tag="999" ind1=" " ind2=" ">
    <subfield code="c">196183</subfield>
    <subfield code="d">196183</subfield>
  </datafield>
  <controlfield tag="005">20230706120826.0</controlfield>
  <datafield tag="010" ind1=" " ind2=" ">
    <subfield code="a">B-753853-868                         CHEN 25.5.23</subfield>
  </datafield>
  <datafield tag="020" ind1=" " ind2=" ">
    <subfield code="a">9788189999810</subfield>
    <subfield code="c">449.00</subfield>
  </datafield>
  <datafield tag="035" ind1=" " ind2=" ">
    <subfield code="a">B-753853-868 </subfield>
  </datafield>
  <datafield tag="037" ind1=" " ind2=" ">
    <subfield code="b">Aakar</subfield>
  </datafield>
  <datafield tag="082" ind1=" " ind2=" ">
    <subfield code="a">S</subfield>
  </datafield>
  <datafield tag="245" ind1=" " ind2=" ">
    <subfield code="a">Great rulers of India /</subfield>
    <subfield code="c">edited by Anant Pai</subfield>
  </datafield>
  <datafield tag="260" ind1=" " ind2=" ">
    <subfield code="b">Amar Chitra Katha Pvt. Ltd.</subfield>
    <subfield code="c">2022(repr.)</subfield>
    <subfield code="a">Mumbai </subfield>
  </datafield>
  <datafield tag="270" ind1=" " ind2=" ">
    <subfield code="a">AFL House, 7th Floor, Lok Bharati Complex, Marol Maroshi Road, Andheri (East), Mumbai</subfield>
    <subfield code="b">Mumbai </subfield>
    <subfield code="e">400059</subfield>
  </datafield>
  <datafield tag="300" ind1=" " ind2=" ">
    <subfield code="a">various pages</subfield>
    <subfield code="c">24cm(Hb)</subfield>
    <subfield code="b"> col.ill</subfield>
  </datafield>
  <datafield tag="500" ind1=" " ind2=" ">
    <subfield code="a">5-In-1</subfield>
  </datafield>
  <datafield tag="505" ind1=" " ind2=" ">
    <subfield code="a">Krishnadeva Raya, Ashoka, Chandragupta Mourya, Samudro Gupta, Harsha</subfield>
  </datafield>
  <datafield tag="700" ind1=" " ind2=" ">
    <subfield code="a">Pai, Anant </subfield>
  </datafield>
  <datafield tag="942" ind1=" " ind2=" ">
    <subfield code="c">CH</subfield>
    <subfield code="h">S</subfield>
    <subfield code="2">ddc</subfield>
    <subfield code="m">GRE</subfield>
  </datafield>
  <datafield tag="952" ind1=" " ind2=" ">
    <subfield code="0">0</subfield>
    <subfield code="1">0</subfield>
    <subfield code="4">0</subfield>
    <subfield code="7">0</subfield>
    <subfield code="8">FIC</subfield>
    <subfield code="a">L</subfield>
    <subfield code="b">L</subfield>
    <subfield code="d">2023-07-06</subfield>
    <subfield code="e">Aakar Books/CH/I-3417/14.3.23/447/2.3.23/21.3.23</subfield>
    <subfield code="g">449.00</subfield>
    <subfield code="l">1</subfield>
    <subfield code="m">2</subfield>
    <subfield code="o">S GRE</subfield>
    <subfield code="p">B-753853</subfield>
    <subfield code="r">2024-01-08 00:00:00</subfield>
    <subfield code="s">2023-11-25</subfield>
    <subfield code="t">1</subfield>
    <subfield code="v">449.00</subfield>
    <subfield code="w">2023-07-06</subfield>
    <subfield code="y">CH</subfield>
  </datafield>
  <datafield tag="952" ind1=" " ind2=" ">
    <subfield code="0">0</subfield>
    <subfield code="1">0</subfield>
    <subfield code="4">0</subfield>
    <subfield code="7">0</subfield>
    <subfield code="8">FIC</subfield>
    <subfield code="a">M</subfield>
    <subfield code="b">M</subfield>
    <subfield code="d">2023-07-06</subfield>
    <subfield code="e">Aakar Books/CH/I-3417/14.3.23/447/2.3.23/21.3.23</subfield>
    <subfield code="g">449.00</subfield>
    <subfield code="l">0</subfield>
    <subfield code="o">S GRE</subfield>
    <subfield code="p">B-753854</subfield>
    <subfield code="r">2023-07-06 00:00:00</subfield>
    <subfield code="t">2</subfield>
    <subfield code="v">449.00</subfield>
    <subfield code="y">CH</subfield>
  </datafield>
  <datafield tag="952" ind1=" " ind2=" ">
    <subfield code="0">0</subfield>
    <subfield code="1">0</subfield>
    <subfield code="4">0</subfield>
    <subfield code="7">0</subfield>
    <subfield code="8">FIC</subfield>
    <subfield code="a">M</subfield>
    <subfield code="b">M</subfield>
    <subfield code="d">2023-07-06</subfield>
    <subfield code="e">Aakar Books/CH/I-3417/14.3.23/447/2.3.23/21.3.23</subfield>
    <subfield code="g">449.00</subfield>
    <subfield code="l">0</subfield>
    <subfield code="o">S GRE</subfield>
    <subfield code="p">B-753855</subfield>
    <subfield code="r">2023-07-06 00:00:00</subfield>
    <subfield code="t">2</subfield>
    <subfield code="v">449.00</subfield>
    <subfield code="y">CH</subfield>
  </datafield>
  <datafield tag="952" ind1=" " ind2=" ">
    <subfield code="0">0</subfield>
    <subfield code="1">0</subfield>
    <subfield code="4">0</subfield>
    <subfield code="7">0</subfield>
    <subfield code="8">FIC</subfield>
    <subfield code="a">NPL</subfield>
    <subfield code="b">NPL</subfield>
    <subfield code="d">2023-07-06</subfield>
    <subfield code="e">Aakar Books/CH/I-3417/14.3.23/447/2.3.23/21.3.23</subfield>
    <subfield code="g">449.00</subfield>
    <subfield code="l">0</subfield>
    <subfield code="o">S GRE</subfield>
    <subfield code="p">B-753856</subfield>
    <subfield code="r">2023-07-06 00:00:00</subfield>
    <subfield code="t">1</subfield>
    <subfield code="v">449.00</subfield>
    <subfield code="y">CH</subfield>
  </datafield>
  <datafield tag="952" ind1=" " ind2=" ">
    <subfield code="0">0</subfield>
    <subfield code="1">0</subfield>
    <subfield code="4">0</subfield>
    <subfield code="7">0</subfield>
    <subfield code="8">FIC</subfield>
    <subfield code="a">AV</subfield>
    <subfield code="b">AV</subfield>
    <subfield code="d">2023-07-06</subfield>
    <subfield code="e">Aakar Books/CH/I-3417/14.3.23/447/2.3.23/21.3.23</subfield>
    <subfield code="g">449.00</subfield>
    <subfield code="l">3</subfield>
    <subfield code="o">S GRE</subfield>
    <subfield code="p">B-753857</subfield>
    <subfield code="r">2024-09-28 00:00:00</subfield>
    <subfield code="s">2024-09-13</subfield>
    <subfield code="t">1</subfield>
    <subfield code="v">449.00</subfield>
    <subfield code="y">CH</subfield>
  </datafield>
  <datafield tag="952" ind1=" " ind2=" ">
    <subfield code="0">0</subfield>
    <subfield code="1">0</subfield>
    <subfield code="4">0</subfield>
    <subfield code="7">0</subfield>
    <subfield code="8">FIC</subfield>
    <subfield code="a">BL1</subfield>
    <subfield code="b">BL1</subfield>
    <subfield code="d">2023-07-06</subfield>
    <subfield code="e">Aakar Books/CH/I-3417/14.3.23/447/2.3.23/21.3.23</subfield>
    <subfield code="g">449.00</subfield>
    <subfield code="l">1</subfield>
    <subfield code="o">S GRE</subfield>
    <subfield code="p">B-753858</subfield>
    <subfield code="r">2025-05-07 00:00:00</subfield>
    <subfield code="s">2025-04-24</subfield>
    <subfield code="t">1</subfield>
    <subfield code="v">449.00</subfield>
    <subfield code="y">CH</subfield>
  </datafield>
  <datafield tag="952" ind1=" " ind2=" ">
    <subfield code="0">0</subfield>
    <subfield code="1">0</subfield>
    <subfield code="4">0</subfield>
    <subfield code="7">0</subfield>
    <subfield code="8">FIC</subfield>
    <subfield code="a">KGM</subfield>
    <subfield code="b">KGM</subfield>
    <subfield code="d">2023-07-06</subfield>
    <subfield code="e">Aakar Books/CH/I-3417/14.3.23/447/2.3.23/21.3.23</subfield>
    <subfield code="g">449.00</subfield>
    <subfield code="l">0</subfield>
    <subfield code="o">S GRE</subfield>
    <subfield code="p">B-753859</subfield>
    <subfield code="r">2023-07-06 00:00:00</subfield>
    <subfield code="t">1</subfield>
    <subfield code="v">449.00</subfield>
    <subfield code="y">CH</subfield>
  </datafield>
  <datafield tag="952" ind1=" " ind2=" ">
    <subfield code="0">0</subfield>
    <subfield code="1">0</subfield>
    <subfield code="4">0</subfield>
    <subfield code="7">0</subfield>
    <subfield code="8">FIC</subfield>
    <subfield code="a">PR</subfield>
    <subfield code="b">PR</subfield>
    <subfield code="d">2023-07-06</subfield>
    <subfield code="e">Aakar Books/CH/I-3417/14.3.23/447/2.3.23/21.3.23</subfield>
    <subfield code="g">449.00</subfield>
    <subfield code="l">1</subfield>
    <subfield code="o">S GRE</subfield>
    <subfield code="p">B-753860</subfield>
    <subfield code="r">2025-10-18 00:00:00</subfield>
    <subfield code="s">2025-09-09</subfield>
    <subfield code="t">1</subfield>
    <subfield code="v">449.00</subfield>
    <subfield code="y">CH</subfield>
  </datafield>
  <datafield tag="952" ind1=" " ind2=" ">
    <subfield code="0">0</subfield>
    <subfield code="1">0</subfield>
    <subfield code="4">0</subfield>
    <subfield code="7">0</subfield>
    <subfield code="8">FIC</subfield>
    <subfield code="a">CJ</subfield>
    <subfield code="b">CJ</subfield>
    <subfield code="d">2023-07-06</subfield>
    <subfield code="e">Aakar Books/CH/I-3417/14.3.23/447/2.3.23/21.3.23</subfield>
    <subfield code="g">449.00</subfield>
    <subfield code="l">0</subfield>
    <subfield code="o">S GRE</subfield>
    <subfield code="p">B-753861</subfield>
    <subfield code="r">2023-07-06 00:00:00</subfield>
    <subfield code="t">1</subfield>
    <subfield code="v">449.00</subfield>
    <subfield code="y">CH</subfield>
  </datafield>
  <datafield tag="952" ind1=" " ind2=" ">
    <subfield code="0">0</subfield>
    <subfield code="1">0</subfield>
    <subfield code="4">0</subfield>
    <subfield code="7">0</subfield>
    <subfield code="8">FIC</subfield>
    <subfield code="a">JP</subfield>
    <subfield code="b">JP</subfield>
    <subfield code="d">2023-07-06</subfield>
    <subfield code="e">Aakar Books/CH/I-3417/14.3.23/447/2.3.23/21.3.23</subfield>
    <subfield code="g">449.00</subfield>
    <subfield code="l">1</subfield>
    <subfield code="m">1</subfield>
    <subfield code="o">S GRE</subfield>
    <subfield code="p">B-753862</subfield>
    <subfield code="r">2026-02-10 00:00:00</subfield>
    <subfield code="s">2026-01-08</subfield>
    <subfield code="t">1</subfield>
    <subfield code="v">449.00</subfield>
    <subfield code="y">CH</subfield>
  </datafield>
  <datafield tag="952" ind1=" " ind2=" ">
    <subfield code="0">0</subfield>
    <subfield code="1">0</subfield>
    <subfield code="4">0</subfield>
    <subfield code="7">0</subfield>
    <subfield code="8">FIC</subfield>
    <subfield code="a">ZLS</subfield>
    <subfield code="b">ZLS</subfield>
    <subfield code="d">2023-07-06</subfield>
    <subfield code="e">Aakar Books/CH/I-3417/14.3.23/447/2.3.23/21.3.23</subfield>
    <subfield code="g">449.00</subfield>
    <subfield code="l">9</subfield>
    <subfield code="m">15</subfield>
    <subfield code="o">S GRE</subfield>
    <subfield code="p">B-753863</subfield>
    <subfield code="r">2025-11-01 00:00:00</subfield>
    <subfield code="s">2025-10-06</subfield>
    <subfield code="t">1</subfield>
    <subfield code="v">449.00</subfield>
    <subfield code="y">CH</subfield>
  </datafield>
  <datafield tag="952" ind1=" " ind2=" ">
    <subfield code="0">0</subfield>
    <subfield code="1">0</subfield>
    <subfield code="4">0</subfield>
    <subfield code="7">0</subfield>
    <subfield code="8">FIC</subfield>
    <subfield code="a">VP</subfield>
    <subfield code="b">VP</subfield>
    <subfield code="d">2023-07-06</subfield>
    <subfield code="e">Aakar Books/CH/I-3417/14.3.23/447/2.3.23/21.3.23</subfield>
    <subfield code="g">449.00</subfield>
    <subfield code="l">1</subfield>
    <subfield code="o">S GRE</subfield>
    <subfield code="p">B-753864</subfield>
    <subfield code="r">2024-05-10 00:00:00</subfield>
    <subfield code="s">2024-04-27</subfield>
    <subfield code="t">1</subfield>
    <subfield code="v">449.00</subfield>
    <subfield code="y">CH</subfield>
  </datafield>
  <datafield tag="952" ind1=" " ind2=" ">
    <subfield code="0">0</subfield>
    <subfield code="1">0</subfield>
    <subfield code="4">0</subfield>
    <subfield code="7">0</subfield>
    <subfield code="8">FIC</subfield>
    <subfield code="a">BKK</subfield>
    <subfield code="b">BKK</subfield>
    <subfield code="d">2023-07-06</subfield>
    <subfield code="e">Aakar Books/CH/I-3417/14.3.23/447/2.3.23/21.3.23</subfield>
    <subfield code="g">449.00</subfield>
    <subfield code="l">0</subfield>
    <subfield code="o">S GRE</subfield>
    <subfield code="p">B-753865</subfield>
    <subfield code="r">2023-07-06 00:00:00</subfield>
    <subfield code="t">1</subfield>
    <subfield code="v">449.00</subfield>
    <subfield code="y">CH</subfield>
  </datafield>
  <datafield tag="952" ind1=" " ind2=" ">
    <subfield code="0">0</subfield>
    <subfield code="1">0</subfield>
    <subfield code="4">0</subfield>
    <subfield code="7">0</subfield>
    <subfield code="8">FIC</subfield>
    <subfield code="a">BN</subfield>
    <subfield code="b">BN</subfield>
    <subfield code="d">2023-07-06</subfield>
    <subfield code="e">Aakar Books/CH/I-3417/14.3.23/447/2.3.23/21.3.23</subfield>
    <subfield code="g">449.00</subfield>
    <subfield code="l">1</subfield>
    <subfield code="o">S GRE</subfield>
    <subfield code="p">B-753866</subfield>
    <subfield code="r">2024-06-10 00:00:00</subfield>
    <subfield code="s">2024-05-27</subfield>
    <subfield code="t">1</subfield>
    <subfield code="v">449.00</subfield>
    <subfield code="y">CH</subfield>
  </datafield>
  <datafield tag="952" ind1=" " ind2=" ">
    <subfield code="0">0</subfield>
    <subfield code="1">0</subfield>
    <subfield code="4">0</subfield>
    <subfield code="7">0</subfield>
    <subfield code="8">FIC</subfield>
    <subfield code="a">BL4</subfield>
    <subfield code="b">BL4</subfield>
    <subfield code="d">2023-07-06</subfield>
    <subfield code="e">Aakar Books/CH/I-3417/14.3.23/447/2.3.23/21.3.23</subfield>
    <subfield code="g">449.00</subfield>
    <subfield code="l">4</subfield>
    <subfield code="m">2</subfield>
    <subfield code="o">S GRE</subfield>
    <subfield code="p">B-753867</subfield>
    <subfield code="r">2024-07-13 00:00:00</subfield>
    <subfield code="s">2024-07-12</subfield>
    <subfield code="t">1</subfield>
    <subfield code="v">449.00</subfield>
    <subfield code="y">CH</subfield>
  </datafield>
  <datafield tag="952" ind1=" " ind2=" ">
    <subfield code="0">0</subfield>
    <subfield code="1">0</subfield>
    <subfield code="4">0</subfield>
    <subfield code="7">0</subfield>
    <subfield code="8">FIC</subfield>
    <subfield code="a">YV</subfield>
    <subfield code="b">YV</subfield>
    <subfield code="d">2023-07-06</subfield>
    <subfield code="e">Aakar Books/CH/I-3417/14.3.23/447/2.3.23/21.3.23</subfield>
    <subfield code="g">449.00</subfield>
    <subfield code="l">0</subfield>
    <subfield code="o">S GRE</subfield>
    <subfield code="p">B-753868</subfield>
    <subfield code="r">2023-07-06 00:00:00</subfield>
    <subfield code="t">1</subfield>
    <subfield code="v">449.00</subfield>
    <subfield code="y">CH</subfield>
  </datafield>
</record>
